ARRUPE JESUIT UNIVERSITY

CORONAVIRUS -STOP THE SPREAD - CLEAN,DISINFECT,COVER

I fiori di Dio (Record no. 130420)

MARC details
000 -LEADER
fixed length control field 00665nam a22001817a 4500
008 - FIXED-LENGTH DATA ELEMENTS--GENERAL INFORMATION
fixed length control field 200318b ||||| |||| 00| 0 eng d
050 ## - LIBRARY OF CONGRESS CALL NUMBER
Classification number BX1682.Z5
Item number C247
100 ## - MAIN ENTRY--PERSONAL NAME
Personal name Cappelli, Quinto
9 (RLIN) 49697
245 ## - TITLE STATEMENT
Title I fiori di Dio
Remainder of title Caterina Savini una vita per gli ultimi dello Zimbabwe
Statement of responsibility, etc Quinto Cappelli, Lino Frassineti and Alberto Manni
260 ## - PUBLICATION, DISTRIBUTION, ETC. (IMPRINT)
Place of publication, distribution, etc Rome
Name of publisher, distributor, etc Ruvarashe Trust
Date of publication, distribution, etc 2013
300 ## - PHYSICAL DESCRIPTION
Extent 276p. ;
Dimensions 24cm.
600 ## - SUBJECT ADDED ENTRY--PERSONAL NAME
Personal name Savini, Caterina
9 (RLIN) 49698
650 ## - SUBJECT ADDED ENTRY--TOPICAL TERM
Topical term or geographic name as entry element Medico-Missionary Association for Women (AFMM)
9 (RLIN) 49699
650 ## - SUBJECT ADDED ENTRY--TOPICAL TERM
Topical term or geographic name as entry element Catholic Church in Zimbabwe
9 (RLIN) 8883
700 ## - ADDED ENTRY--PERSONAL NAME
Personal name Frassineti, Lino
9 (RLIN) 49700
700 ## - ADDED ENTRY--PERSONAL NAME
Personal name Manni, Alberto
9 (RLIN) 49701
942 ## - ADDED ENTRY ELEMENTS (KOHA)
Source of classification or shelving scheme Library of Congress Classification
Item type Monograph ( Printed materials)
Holdings
Withdrawn status Lost status Source of classification or shelving scheme Damaged status Not for loan Collection code Home library Current library Shelving location Date acquired Total Checkouts Full call number Barcode Date last seen Price effective from Koha item type
    Library of Congress Classification     Main Collection ARRUPE LIBRARY ARRUPE LIBRARY Main Collection 18/03/2020   BX1682.Z5 C247 46600006847 18/03/2020 18/03/2020 Monograph ( Printed materials)

 

Arrupe Library. PO Box MP320 Mt Pleasant, Harare, Zimbabwe
263 242 745411|librarian@aju.ac.zw